000 00410nam a2200145Ia 4500
008 231129s1984||||xx |||||||||||||| ||spa||
020 _a958-602-078-9
040 _bspa
082 _a920.71 T693
100 _aTorres Almeida Jesus C.
245 0 _aManuel Murillo Toro: Caudillo radical y reformador social
260 _c1984
264 _aEl Tiempo
942 _2ddc
_cBKS
999 _c20572
_d20572